00281nam a2200121Ia 4500008004100000082001400041100001500055245002200070250000800092260003000100300000800130650002100138150301s2014 xx 000 0 und d a612bP14J aJAIN, A.K. aTB. OF PHYSIOLOGY a5TH bAVICHAL PUB.aINDIAc2014 a611 aHUMAN PHYSIOLOGY